| 000 | 00414nam a22001577a 4500 | ||
|---|---|---|---|
| 003 | OSt | ||
| 008 | 240203b |||||||| |||| 00| 0 eng d | ||
| 020 | _a9788183482707 | ||
| 041 | _aeng | ||
| 082 | _a658.0076 SIJ/AN | ||
| 100 |
_aSijwali B S _95796 |
||
| 245 | _aAnalytical & Logical Reasoning for CAT & Other Management Entrance Tests. | ||
| 260 |
_aMeerut _bArihant Publications |
||
| 300 | _a116 | ||
| 942 | _cBK | ||
| 999 |
_c13838 _d13838 |
||